[Event "Westland (SEMO Res/2/43)"]
[Site "?"]
[Date "1985.??.??"]
[Round "?"]
[White "Hargett, D.."]
[Black "Lafferty, F.."]
[Result "1-0"]
[WhiteElo "1605"]
[BlackElo "1605"]
[PlyCount "107"]
[EventDate "1985.??.??"]

{2/(43)} 1. e4 c6 2. d4 d5 3. Nc3 dxe4 4. Nxe4 Nd7 5. Ne2 Ngf6 6. N2g3 e6 7.
Bf4 Nxe4 8. Nxe4 Nf6 9. Bd3 Be7 10. Be5 O-O 11. Qf3 Nxe4 12. Qxe4 f5 13. Qf3
Bf6 14. g4 Qd5 15. Qxd5 exd5 16. gxf5 Bxe5 17. dxe5 Bxf5 18. Rf1 Bxd3 19. cxd3
Rae8 20. f4 g5 21. Rg1 Rxf4 22. Rxg5+ Kf7 23. Ke2 h6 24. Rg2 Rxe5+ 25. Kd2 Ref5
26. Re1 Rf2+ 27. Re2 Rxe2+ 28. Rxe2 c5 29. Kc3 b5 30. b4 d4+ 31. Kb3 cxb4 32.
Kxb4 Rf3 33. Kxb5 Rxd3 34. Kc4 Re3 35. Rf2+ Ke7 36. Kxd4 Re6 37. Kd5 Rd6+ 38.
Kc5 a6 39. Rb2 a5 40. Rb7+ Ke6 41. Rb6 Rxb6 42. Kxb6 a4 43. Kb5 a3 44. Kb4 Kf5
45. Kxa3 Kg4 46. Kb3 Kh3 47. a4 h5 48. a5 h4 49. a6 Kxh2 50. a7 h3 51. a8=Q Kg3
52. Qh1 h2 53. Kc3 Kf2 54. Qxh2+ 1-0

[Event "East Lansing (MI Op/5/11)"]
[Site "?"]
[Date "1985.??.??"]
[Round "?"]
[White "Hankinson, Chris"]
[Black "Yahkind, Alex"]
[Result "0-1"]
[WhiteElo "1980"]
[BlackElo "2115"]
[PlyCount "48"]
[EventDate "1985.??.??"]

{5/(11)} 1. d4 d5 2. Nc3 Nf6 3. e4 dxe4 4. f3 exf3 5. Qxf3 c5 6. Bb5+ Nbd7 7.
dxc5 a6 8. Ba4 e5 9. Be3 Qa5 10. c6 bxc6 11. Qxc6 Bb4 12. Nge2 Rb8 13. Bb3 Bb7
14. Qc4 O-O 15. O-O Rbc8 16. Qh4 Bc5 17. Bxc5 Qxc5+ 18. Kh1 Qc6 19. Qh3 Nc5 20.
Bc4 Rfd8 21. Rad1 Rxd1 22. Nxd1 Qe4 23. Ne3 Rd8 24. Ng3 Qxe3 0-1

[Event "East Lansing (MI Op/3/6)"]
[Site "?"]
[Date "1985.??.??"]
[Round "?"]
[White "Hankinson, Chris"]
[Black "Wygrecki, J.."]
[Result "0-1"]
[WhiteElo "1980"]
[BlackElo "2220"]
[PlyCount "48"]
[EventDate "1985.??.??"]

{3/(6)} 1. e4 e6 2. d3 d5 3. Nd2 Nf6 4. g3 c5 5. Bg2 Nc6 6. Ngf3 Be7 7. O-O O-O
8. Re1 Rb8 9. a4 a6 10. c3 dxe4 11. dxe4 e5 12. Qc2 b5 13. axb5 axb5 14. Nf1
Qc7 15. Nh4 c4 16. h3 g6 17. f4 Nh5 18. Nf3 exf4 19. g4 Ng3 20. e5 Bc5+ 21. Kh2
Nxf1+ 22. Rxf1 f6 23. exf6 Rxf6 24. Qe4 Rf7 0-1

[Event "East Lansing (MI Op/7/19)"]
[Site "?"]
[Date "1985.??.??"]
[Round "?"]
[White "Hankinson, Chris"]
[Black "Jarosz, Stan"]
[Result "1-0"]
[WhiteElo "1980"]
[BlackElo "2035"]
[PlyCount "21"]
[EventDate "1985.??.??"]

{7/(19)} 1. Nc3 c5 2. e4 Nc6 3. f4 g6 4. Nf3 Bg7 5. Bc4 e6 6. O-O Nge7 7. e5 d5
8. exd6 Qxd6 9. Ne4 Qxf4 10. Nfg5 Qe5 11. Nxf7 1-0

[Event "East Lansing (MI Op/3/24)"]
[Site "?"]
[Date "1985.??.??"]
[Round "?"]
[White "Haluska, James"]
[Black "Winfield, J.."]
[Result "1-0"]
[WhiteElo "2010"]
[BlackElo "1745"]
[PlyCount "79"]
[EventDate "1985.??.??"]

{3/(24)} 1. e4 c5 2. Nf3 e6 3. d4 cxd4 4. Nxd4 Be7 5. c4 Nc6 6. Nc3 a6 7. Be2
Nf6 8. O-O Qb6 9. Nb3 Qc7 10. Be3 b6 11. Qd2 Rb8 12. Rad1 O-O 13. Bf4 e5 14.
Be3 Bb4 15. f3 d6 16. Qd3 Bc5 17. a3 Rd8 18. Nd5 Qd7 19. Nxf6+ gxf6 20. Rd2 Kh8
21. Rfd1 Qe6 22. Qc3 Rg8 23. Kh1 Rg6 24. Na1 a5 25. Nc2 Ba6 26. b4 axb4 27.
axb4 Bxe3 28. Qxe3 b5 29. Rxd6 Qc8 30. c5 f5 31. exf5 Qxf5 32. Qe4 Qxe4 33.
fxe4 Rbg8 34. g3 Na7 35. Bh5 Rxd6 36. Rxd6 Bb7 37. Bf3 f5 38. Ne3 Nc6 39. exf5
h6 40. Bxc6 1-0

[Event "East Lansing (MI Op/7/15)"]
[Site "?"]
[Date "1985.??.??"]
[Round "?"]
[White "Haluska, James"]
[Black "Thurman, John"]
[Result "1-0"]
[WhiteElo "2010"]
[BlackElo "1805"]
[PlyCount "63"]
[EventDate "1985.??.??"]

{7/(15)} 1. e4 c5 2. Nf3 d6 3. d4 cxd4 4. Nxd4 Nf6 5. Nc3 a6 6. Bg5 e6 7. f4
Be7 8. Qf3 Qc7 9. O-O-O Nbd7 10. Bd3 b5 11. Rhe1 Bb7 12. Qg3 b4 13. Nb1 O-O-O
14. Nd2 Nc5 15. Kb1 g6 16. Rc1 h6 17. Bh4 Qb6 18. N4b3 Rd7 19. Qf3 Nxb3 20.
cxb3+ Kb8 21. Bf2 Qd8 22. Nc4 d5 23. Bb6 Qf8 24. Ne5 Rd6 25. Bc7+ Ka8 26. Bxd6
Bxd6 27. Nc6 dxe4 28. Bxe4 Nxe4 29. Qxe4 Qg7 30. Qe3 Bb8 31. Qb6 Rc8 32. Red1
1-0

[Event "East Lansing (MI Op/5/18)"]
[Site "?"]
[Date "1985.??.??"]
[Round "?"]
[White "Haluska, James"]
[Black "Sprague, A.."]
[Result "0-1"]
[WhiteElo "2010"]
[BlackElo "1840"]
[PlyCount "54"]
[EventDate "1985.??.??"]

{5/(18)} 1. e4 c6 2. Nc3 g6 3. d4 Nf6 4. Nf3 Bg7 5. Be2 O-O 6. h3 b5 7. Be3 b4
8. e5 bxc3 9. exf6 Bxf6 10. bxc3 Ba6 11. O-O Bxe2 12. Qxe2 d6 13. Bf4 Nd7 14.
Rfe1 Re8 15. Rad1 Qa5 16. Qd3 c5 17. g4 Rac8 18. g5 Bg7 19. Re3 Nb6 20. d5 Qxa2
21. Qb5 Qxc2 22. Rdd3 c4 23. Ne1 Qb3 24. Qxb3 cxb3 25. Re2 Nc4 26. Bc1 a5 27.
Nf3 a4 0-1

[Event "East Detroit (MCO/3/2)"]
[Site "?"]
[Date "1985.??.??"]
[Round "?"]
[White "Haluska, James"]
[Black "Nickoloff, B.."]
[Result "0-1"]
[WhiteElo "2035"]
[BlackElo "2485"]
[PlyCount "48"]
[EventDate "1985.??.??"]

{3/(2)} 1. e4 c5 2. Nf3 e6 3. d4 cxd4 4. Nxd4 Nf6 5. Nc3 d6 6. Be3 a6 7. Be2
Nc6 8. O-O Be7 9. Qd2 O-O 10. Rad1 Qc7 11. h3 Rb8 12. Nf3 b5 13. Bd3 Bb7 14.
Bf4 Rbc8 15. Rfe1 Ne5 16. Bxe5 dxe5 17. Qg5 Nxe4 18. Qh5 g6 19. Qh6 Nxc3 20.
Nxe5 Nxd1 21. Nxg6 fxg6 22. Bxg6 Bc5 23. Re5 Bxf2+ 24. Kh1 Qg7 0-1

[Event "East Detroit (MCO/2/14)"]
[Site "?"]
[Date "1985.??.??"]
[Round "?"]
[White "Haluska, James"]
[Black "Mason, A.."]
[Result "1-0"]
[WhiteElo "2035"]
[BlackElo "1780"]
[PlyCount "87"]
[EventDate "1985.??.??"]

{2/(14)} 1. e4 c6 2. d4 d5 3. Nc3 dxe4 4. Nxe4 Bf5 5. Ng3 Bg6 6. Nf3 h6 7. Ne5
Bh7 8. Qh5 g6 9. Bc4 Qa5+ 10. Bd2 Qxd2+ 11. Kxd2 gxh5 12. Nxf7 Bg7 13. Nxh5
Bxd4 14. c3 Bg6 15. Nxh8 Bxh8 16. Nf4 Bf7 17. Bxf7+ Kxf7 18. Rae1 Nd7 19. Nd3
Rd8 20. Kc2 e5 21. f4 exf4 22. Rhf1 Ngf6 23. Rxf4 Re8 24. Rxe8 Kxe8 25. Ra4 a6
26. Rb4 b6 27. Rh4 Bg7 28. Nf4 Kf7 29. Nh5 Nxh5 30. Rxh5 Nf6 31. Rh4 Ke6 32.
Kd3 Kf5 33. Ke3 Ke6 34. Kf3 Kf5 35. Rf4+ Ke6 36. Rd4 Nd5 37. Re4+ Kf7 38. g4
Nf6 39. Re1 Nd7 40. Kf4 Bf6 41. Kf5 a5 42. Re6 c5 43. Rd6 Ke7 44. Rxd7+ 1-0

[Event "East Detroit (MCO/5/13)"]
[Site "?"]
[Date "1985.??.??"]
[Round "?"]
[White "Haluska, James"]
[Black "Franke, R.."]
[Result "1-0"]
[WhiteElo "2035"]
[BlackElo "1905"]
[PlyCount "65"]
[EventDate "1985.??.??"]

{5/(13)} 1. e4 c5 2. Nc3 Nc6 3. Nf3 d6 4. g3 g6 5. Bg2 Bg7 6. O-O Nf6 7. d3 O-O
8. Bg5 a6 9. Qd2 Rb8 10. Bh6 Bxh6 11. Qxh6 Ng4 12. Qd2 Kg7 13. Nd5 f6 14. c3
Be6 15. d4 b5 16. Nf4 Bd7 17. Rad1 cxd4 18. cxd4 g5 19. Nd5 e6 20. Ne3 Nxe3 21.
Qxe3 Na5 22. b3 d5 23. e5 h6 24. exf6+ Qxf6 25. Ne5 Qd8 26. Rde1 Rf6 27. f4
gxf4 28. Rxf4 Rb7 29. Ref1 Rxf4 30. Qxf4 Bc8 31. Nf7 Rxf7 32. Qxf7+ Kh8 33. Rf6
1-0

[Event "East Lansing (MI Op/1b/17)"]
[Site "?"]
[Date "1985.??.??"]
[Round "?"]
[White "Haluska, James"]
[Black "Almquist, W.."]
[Result "0-1"]
[WhiteElo "2010"]
[BlackElo "1735"]
[PlyCount "104"]
[EventDate "1985.??.??"]

1. e4 c5 2. Nc3 d6 3. d3 Nc6 4. g3 Nf6 5. Bg2 g6 6. f4 Bg7 7. Nf3 a6 8. O-O e6
9. Ne2 Qc7 10. c3 b5 11. h3 Bb7 12. Be3 b4 13. Qd2 bxc3 14. bxc3 O-O 15. g4 Nd7
16. Rab1 Rab8 17. Ng3 Ba8 18. f5 exf5 19. gxf5 Nde5 20. Bf4 Rxb1 21. Rxb1 Nxf3+
22. Bxf3 Be5 23. Bg2 d5 24. Rf1 d4 25. c4 f6 26. fxg6 hxg6 27. Ne2 g5 28. Bxe5
Qxe5 29. Bf3 Bb7 30. Bg4 Bc8 31. Bxc8 Rxc8 32. Kg2 Rc7 33. Ng3 Rh7 34. Qf2 Kf7
35. a3 Ne7 36. Nf5 Ng6 37. Qg3 Qxg3+ 38. Kxg3 Nf4 39. Rxf4 gxf4+ 40. Kg4 f3 41.
h4 f2 42. Ng3 Rg7+ 43. Kf3 f1=Q+ 44. Nxf1 Rg1 45. Ng3 Ra1 46. Nf5 Rxa3 47. h5
Rxd3+ 48. Kf4 Rh3 49. Kg4 Rh1 50. h6 Ra1 51. Kh5 Rh1+ 52. Kg4 d3 0-1

[Event "East Lansing (MI Op/2/10)"]
[Site "?"]
[Date "1985.??.??"]
[Round "?"]
[White "Halstead, Kevin"]
[Black "Yahkind, Alex"]
[Result "0-1"]
[WhiteElo "1825"]
[BlackElo "2115"]
[PlyCount "80"]
[EventDate "1985.??.??"]

{2/(10)} 1. e4 c5 2. Nf3 e6 3. d4 cxd4 4. Nxd4 Nf6 5. Nc3 Nc6 6. Bb5 Bb4 7. Bg5
Qa5 8. Bxf6 gxf6 9. Bxc6 Bxc3+ 10. bxc3 Qxc3+ 11. Ke2 bxc6 12. Qd3 Ba6 13. Qxa6
Qxd4 14. Qd3 Qxd3+ 15. cxd3 Rb8 16. Rab1 Ke7 17. d4 Rb5 18. Rxb5 cxb5 19. Rc1
Rb8 20. Rc5 a5 21. Rh5 a4 22. Kd3 b4 23. Kc2 Rc8+ 24. Rc5 Rxc5+ 25. dxc5 d6 26.
cxd6+ Kxd6 27. Kd3 Kc5 28. f3 e5 29. g4 h6 30. h4 Kb5 31. Kd2 Kc4 32. Kc2 Kd4
33. Kd2 a3 34. Kc2 Kc4 35. h5 Kc5 36. Kb3 Kb5 37. Kc2 Kc4 38. Kb1 b3 39. f4
exf4 40. axb3+ Kxb3 0-1

[Event "East Lansing (MI Op/5/32)"]
[Site "?"]
[Date "1985.??.??"]
[Round "?"]
[White "Halstead, Kevin"]
[Black "Steverson, Bunnard"]
[Result "1-0"]
[WhiteElo "1825"]
[BlackElo "1755"]
[PlyCount "93"]
[EventDate "1985.??.??"]

{5/(32)} 1. e4 c5 2. Nf3 Nc6 3. d4 e6 4. c3 Nf6 5. Bd3 d6 6. O-O Be7 7. Re1 O-O
8. Nbd2 Qc7 9. Nf1 Re8 10. Qc2 e5 11. d5 Na5 12. c4 b6 13. Bd2 Nb7 14. Ng3 Bf8
15. h3 Qe7 16. Nh5 h6 17. Nxf6+ gxf6 18. Be3 Bg7 19. Nh4 Qf8 20. Nf5 a6 21. Qd2
Bxf5 22. exf5 Kh7 23. Be2 e4 24. Bh5 Re5 25. Bg4 h5 26. Bxh5 Rxf5 27. Bg4 Re5
28. Bf4 Re7 29. Bf5+ Kh8 30. Qe3 b5 31. Qg3 Qb8 32. Qh4+ Kg8 33. Qh7+ Kf8 34.
Bh6 Re5 35. Bxg7+ Ke7 36. Rxe4 Qg8 37. Qh6 Kd8 38. Bxf6+ Kc7 39. Bxe5 Re8 40.
Bxd6+ Nxd6 41. Rxe8 Qxe8 42. Qf4 Qe2 43. Bg4 Qxc4 44. Qxc4 bxc4 45. Rc1 Kb6 46.
Be2 Kb5 47. h4 1-0

[Event "East Lansing (MI Op/7/20)"]
[Site "?"]
[Date "1985.??.??"]
[Round "?"]
[White "Halstead, Kevin"]
[Black "Smith, Les L"]
[Result "1-0"]
[WhiteElo "1825"]
[BlackElo "1980"]
[PlyCount "119"]
[EventDate "1985.??.??"]

{7/(20)} 1. e4 e5 2. Nf3 f5 3. Nxe5 Qf6 4. Nc4 fxe4 5. d3 d5 6. Qh5+ Qf7 7.
Qxf7+ Kxf7 8. Ne3 c6 9. dxe4 dxe4 10. Nc3 Nf6 11. Bc4+ Be6 12. Bd2 Nbd7 13.
Bxe6+ Kxe6 14. O-O-O Bc5 15. Rhe1 Rhe8 16. Re2 Kf7 17. Rde1 Re6 18. Nf1 Rae8
19. Ng3 Bxf2 20. Rxf2 e3 21. Bxe3 Rxe3 22. Rfe2 Rxe2 23. Rxe2 Rxe2 24. Ncxe2
Ng4 25. Nf1 Nde5 26. h3 Nf6 27. Ne3 g5 28. Kd2 Kg6 29. Kc3 g4 30. Kd4 Nf7 31.
h4 h5 32. Nf4+ Kg7 33. Nf5+ Kh7 34. c4 b6 35. b4 Nd7 36. Nxh5 Kg6 37. Nhg3 Kf6
38. Ne3 Nh6 39. Ne4+ Ke6 40. g3 Nf5+ 41. Nxf5 Kxf5 42. a4 Ke6 43. c5 Kf5 44. b5
bxc5+ 45. Nxc5 Ne5 46. bxc6 Nxc6+ 47. Kd5 Ne7+ 48. Kd6 Ng6 49. Nd3 Ke4 50. Nf2+
Kf3 51. Nxg4 Kxg4 52. Kc7 Kxg3 53. h5 Nf8 54. Kb7 Kg4 55. Kxa7 Kxh5 56. Kb7 Ne6
57. a5 Kg6 58. Kb6 Nf8 59. a6 Nd7+ 60. Kc7 1-0

[Event "East Lansing (MI Op/1a/7)"]
[Site "?"]
[Date "1985.??.??"]
[Round "?"]
[White "Halstead, Kevin"]
[Black "Rogan, M.."]
[Result "1-0"]
[WhiteElo "1825"]
[BlackElo "2065"]
[PlyCount "49"]
[EventDate "1985.??.??"]

1. e4 e6 2. d4 d5 3. Nc3 Bb4 4. Bd3 Nf6 5. e5 Bxc3+ 6. bxc3 Nfd7 7. Qg4 Kf8 8.
Nf3 c5 9. O-O Nc6 10. Nh4 h5 11. Qf4 Kg8 12. Be3 b6 13. Qg3 Bb7 14. f4 f5 15.
exf6 Qxf6 16. f5 e5 17. Bg5 Qf7 18. f6 e4 19. fxg7 Qxg7 20. Bb5 Re8 21. Rf4
Nxd4 22. Nf5 Nxf5 23. Rxf5 h4 24. Qd6 Rh7 25. Raf1 1-0

[Event "Westland (MEX/3)"]
[Site "?"]
[Date "1985.??.??"]
[Round "?"]
[White "Hahn, David"]
[Black "Petranovich, J.."]
[Result "1/2-1/2"]
[WhiteElo "2125"]
[BlackElo "2170"]
[PlyCount "102"]
[EventDate "1985.??.??"]

1. e4 e6 2. Nf3 d5 3. Nc3 Nf6 4. Qe2 Be7 5. g3 b6 6. Bg2 Bb7 7. e5 Nfd7 8. O-O
c5 9. d3 Nc6 10. Bf4 a6 11. Rfe1 O-O 12. h4 b5 13. h5 h6 14. Qd2 Nd4 15. Nd1
Nxf3+ 16. Bxf3 Rb8 17. Nc3 Nb6 18. a4 b4 19. Nd1 a5 20. b3 c4 21. d4 Ba6 22.
Ne3 cxb3 23. cxb3 Rc8 24. Ng4 Bg5 25. Bd1 Bxf4 26. gxf4 Rc3 27. Re3 Rxe3 28.
Qxe3 Qd7 29. f5 exf5 30. Nf6+ gxf6 31. Qxh6 fxe5 32. Bc2 e4 33. Kh1 Be2 34.
Rg1+ Bg4 35. f3 Qe7 36. fxg4 Qh4+ 37. Kg2 fxg4 38. Rh1 Qd8 39. Rf1 f5 40. Qg6+
Kh8 41. Rxf5 Rxf5 42. Qh6+ Kg8 43. Qg6+ Kh8 44. Qxf5 Qh4 45. Qe5+ Kh7 46. Bxe4+
dxe4 47. Qxe4+ Kh8 48. Qe5+ Kh7 49. Qc7+ Kg8 50. Qxb6 Qh3+ 51. Kg1 Qg3+ 1/2-1/2

[Event "East Lansing (MI Op/2/8)"]
[Site "?"]
[Date "1985.??.??"]
[Round "?"]
[White "Hahn, David"]
[Black "Mitchell, S.."]
[Result "1-0"]
[WhiteElo "2125"]
[BlackElo "1960"]
[PlyCount "49"]
[EventDate "1985.??.??"]

{2/(8)} 1. e4 e6 2. Nf3 a6 3. d4 b5 4. Bd3 Bb7 5. Qe2 c5 6. c3 Be7 7. O-O Qc7
8. Re1 d6 9. e5 Bxf3 10. Qxf3 d5 11. Qg3 g6 12. Nd2 cxd4 13. cxd4 Bb4 14. a3
Ba5 15. b4 Bb6 16. Nb3 Ne7 17. Bg5 Nd7 18. Rac1 Qa7 19. Qh4 Bd8 20. Rc2 Nb6 21.
Bf6 Rf8 22. Qxh7 Nf5 23. Bxf5 Bxf6 24. exf6 gxf5 25. Nc5 1-0

[Event "Westland (MEX/1)"]
[Site "?"]
[Date "1985.??.??"]
[Round "?"]
[White "Hahn, David"]
[Black "Kulbacki, James"]
[Result "1/2-1/2"]
[WhiteElo "2125"]
[BlackElo "2035"]
[PlyCount "41"]
[EventDate "1985.??.??"]

1. e4 e6 2. Nf3 c5 3. c3 d5 4. exd5 Qxd5 5. d4 cxd4 6. cxd4 a6 7. Nc3 Qd6 8.
Bd3 Nf6 9. O-O Nc6 10. Be3 Be7 11. Rc1 O-O 12. a3 b5 13. Ne4 Nxe4 14. Bxe4 Bb7
15. Qc2 Rac8 16. Bxh7+ Kh8 17. Qd3 g6 18. Bxg6 fxg6 19. Qxg6 Qd5 20. Rxc6 Bxc6
21. Qh6+ 1/2-1/2

[Event "East Lansing (MI Op/4/9)"]
[Site "?"]
[Date "1985.??.??"]
[Round "?"]
[White "Hahn, David"]
[Black "Haluska, James"]
[Result "1-0"]
[WhiteElo "2125"]
[BlackElo "2010"]
[PlyCount "123"]
[EventDate "1985.??.??"]

{4/(9)} 1. e4 e5 2. Nc3 Nf6 3. g3 d5 4. exd5 Nxd5 5. Bg2 Nxc3 6. bxc3 Bd6 7.
Ne2 O-O 8. O-O Nc6 9. Rb1 Ne7 10. d3 c6 11. c4 Qc7 12. f4 Bc5+ 13. Kh1 Bg4 14.
h3 Bxe2 15. Qxe2 Nf5 16. Kh2 Rae8 17. Qf3 Nd4 18. Qd1 exf4 19. Bxf4 Qe7 20. c3
Ne2 21. Re1 Bf2 22. Rxe2 Qxe2 23. Qxe2 Rxe2 24. Rxb7 Rxa2 25. h4 Be1 26. Be5 f6
27. Bd4 Rc8 28. Bxa7 Bxc3 29. Kh3 Rd2 30. Rd7 g6 31. d4 f5 32. Bc5 Kh8 33. Be7
Kg8 34. Bf6 Re2 35. Be5 Rd2 36. h5 gxh5 37. Rg7+ Kf8 38. Rxh7 Re8 39. Bxc6 Rxe5
40. dxe5 Bxe5 41. Rxh5 Ke7 42. Rxf5 Kd6 43. Bd5 Rd3 44. Rg5 Re3 45. Rg6+ Kc5
46. Kh4 Rd3 47. g4 Bg3+ 48. Kg5 Be5 49. Kf5 Bc3 50. Rc6+ Kb4 51. g5 Rg3 52.
Rb6+ Kc5 53. Rb3 Kd4 54. g6 Rg1 55. Kf6 Ba1 56. Ra3 Rf1+ 57. Ke6 Re1+ 58. Kf7
Rf1+ 59. Ke8 Re1+ 60. Kf8 Rf1+ 61. Bf7 Ke5 62. g7 1-0

[Event "East Lansing (MI Op/6/7)"]
[Site "?"]
[Date "1985.??.??"]
[Round "?"]
[White "Hahn, David"]
[Black "Bailey, Greg"]
[Result "1/2-1/2"]
[WhiteElo "2125"]
[BlackElo "2065"]
[PlyCount "65"]
[EventDate "1985.??.??"]

{6/(7)} 1. d4 Nf6 2. c4 e6 3. Nc3 Bb4 4. e3 Bxc3+ 5. bxc3 c5 6. Bd3 d6 7. Ne2
e5 8. f3 Nc6 9. O-O O-O 10. Qc2 Qe7 11. Bd2 Re8 12. d5 Na5 13. Ng3 b6 14. Qd1
g6 15. Qe2 Kg7 16. e4 Ng8 17. f4 f6 18. f5 g5 19. Nh5+ Kf7 20. h4 h6 21. Rf3
Rf8 22. Rh3 Ke8 23. Kf2 Kd7 24. Bc2 Kc7 25. hxg5 hxg5 26. Ng3 Ba6 27. Bb3 Rf7
28. Rah1 Raf8 29. Nf1 Rg7 30. Ne3 Rff7 31. Rh8 Qd7 32. Qh5 Kb7 33. Rh3 1/2-1/2

[Event "East Detroit (MCO/5/31)"]
[Site "?"]
[Date "1985.??.??"]
[Round "?"]
[White "Haakonstad, Olaf"]
[Black "Koscierzynski, J.."]
[Result "1-0"]
[WhiteElo "1705"]
[BlackElo "1605"]
[PlyCount "83"]
[EventDate "1985.??.??"]

{5/(31)} 1. e4 e5 2. Nf3 d6 3. Bc4 Be7 4. Nc3 g5 5. h3 Nh6 6. Nh2 Rg8 7. Ng4
Rg6 8. Qf3 Be6 9. Bxe6 Rxe6 10. d3 Nxg4 11. Qxg4 Nc6 12. Nd5 Nd4 13. Kd1 c6 14.
Nxe7 Qxe7 15. Bxg5 f6 16. Be3 O-O-O 17. Bxd4 exd4 18. f4 d5 19. e5 Kb8 20. exf6
Rxf6 21. Re1 Qb4 22. Rb1 c5 23. a3 Qa4 24. Qg5 Rfd6 25. Re7 Rb6 26. Rxb7+ Kxb7
27. Qxd8 Qc6 28. Kd2 c4 29. dxc4 Qxc4 30. Qe7+ Ka6 31. Qe2 Qxe2+ 32. Kxe2 Re6+
33. Kd3 Re4 34. Rf1 Kb6 35. f5 a5 36. f6 Kc5 37. Rf3 Re1 38. f7 Re6 39. f8=Q+
Kc6 40. Qc8+ Kd6 41. Rf7 Ke5 42. Qc7+ 1-0

[Event "East Lansing (MI Op/1b/16)"]
[Site "?"]
[Date "1985.??.??"]
[Round "?"]
[White "Haakonstad, Olaf"]
[Black "Jarosz, Stan"]
[Result "0-1"]
[WhiteElo "1755"]
[BlackElo "2030"]
[PlyCount "76"]
[EventDate "1985.??.??"]

1. e4 e6 2. d4 d5 3. Nd2 c5 4. c3 Nc6 5. Bb5 dxe4 6. Nxe4 cxd4 7. Bxc6+ bxc6 8.
Qxd4 Qxd4 9. cxd4 Ba6 10. Bd2 Nf6 11. Nxf6+ gxf6 12. f3 f5 13. a4 Bg7 14. Bc3
O-O-O 15. O-O-O Rd5 16. f4 Rhd8 17. Nf3 Be2 18. Rd2 Bxf3 19. gxf3 Bxd4 20. Bxd4
Rxd4 21. Rhd1 Rxd2 22. Rxd2 Rxd2 23. Kxd2 c5 24. Kc3 Kc7 25. b4 cxb4+ 26. Kxb4
Kb6 27. h4 a5+ 28. Kc4 h5 29. Kd4 f6 30. Kc4 Kc6 31. Kd4 Kd6 32. Kc4 e5 33.
fxe5+ fxe5 34. f4 exf4 35. Kd4 Ke6 36. Kc4 Ke5 37. Kd3 Kd5 38. Ke2 Ke4 0-1

[Event "East Detroit (MCO/3/15)"]
[Site "?"]
[Date "1985.??.??"]
[Round "?"]
[White "Haakonstad, Olaf"]
[Black "Harris, T.."]
[Result "1/2-1/2"]
[WhiteElo "1705"]
[BlackElo "2070"]
[PlyCount "87"]
[EventDate "1985.??.??"]

{3/(15)} 1. e4 c5 2. Nc3 Nc6 3. g3 g6 4. Bg2 Bg7 5. Nge2 d6 6. O-O e6 7. d3
Nge7 8. Be3 O-O 9. Qd2 Nd4 10. Nd1 Rb8 11. c3 Nxe2+ 12. Qxe2 b6 13. Qd2 Ba6 14.
Re1 Qc7 15. d4 Rbd8 16. Bh6 Bxh6 17. Qxh6 cxd4 18. cxd4 Rc8 19. Ne3 Qd7 20. d5
Rc5 21. Rad1 e5 22. Bh3 f5 23. exf5 Nxf5 24. Nxf5 gxf5 25. Re4 Bb7 26. Rh4 Rxd5
27. Rxd5 Bxd5 28. Qg5+ Qg7 29. Qd2 Qf7 30. Bxf5 Qxf5 31. Qxd5+ Kh8 32. Qd2 d5
33. Ra4 Rf7 34. Ra3 d4 35. f3 Rc7 36. Rd3 Kg7 37. g4 Qf6 38. f4 Kf7 39. f5 Rd7
40. Qg2 Qg5 41. Qc6 Re7 42. Rf3 Qf6 43. Qe4 Kf8 44. Kg2 1/2-1/2

[Event "East Detroit (MCO/6/19)"]
[Site "?"]
[Date "1985.??.??"]
[Round "?"]
[White "Haakonstad, Olaf"]
[Black "Graves, J.."]
[Result "1-0"]
[WhiteElo "1705"]
[BlackElo "1985"]
[PlyCount "136"]
[EventDate "1985.??.??"]

{6/(19)} 1. e4 c5 2. Nc3 Nc6 3. g3 g6 4. Bg2 Bg7 5. Nge2 Nf6 6. O-O O-O 7. d3
d6 8. h3 e5 9. Be3 Be6 10. Qd2 Qd7 11. Kh2 Rfd8 12. Bh6 Bh8 13. Qg5 Nb4 14. f4
Nxc2 15. f5 Nxa1 16. fxe6 fxe6 17. Rxa1 Bg7 18. Rf1 Bxh6 19. Qxh6 Qg7 20. Qg5
Rf8 21. Nb5 Qe7 22. h4 a6 23. Nxd6 Qxd6 24. Rxf6 Rxf6 25. Qxf6 Rf8 26. Qg5 Rf2
27. Qg4 Rf6 28. Qg5 Kg7 29. h5 h6 30. Qe3 gxh5 31. Ng1 Qd4 32. Qxd4 exd4 33.
Nf3 Kf8 34. Kg1 b5 35. Ne5 Ke8 36. Bf3 h4 37. gxh4 Kd8 38. Kg2 Rf8 39. Kg3 Rg8+
40. Kf2 Kc7 41. b3 Rg7 42. Bh5 Kd6 43. Nf7+ Ke7 44. Nxh6 Rh7 45. Ng8+ Kd6 46.
Nf6 Rh8 47. Kg3 Rh6 48. e5+ Kc6 49. Bf7 c4 50. bxc4 bxc4 51. dxc4 d3 52. Ne4
Kd7 53. h5 Ke7 54. Bg6 Rh8 55. Nd2 Rb8 56. Kf3 Rb2 57. Ke3 Rxa2 58. h6 Kf8 59.
h7 Kg7 60. Bxd3 Rb2 61. Ne4 Kxh7 62. Nc5+ Kg7 63. Nxa6 Rb6 64. c5 Rc6 65. Kd4
Kf7 66. Nb4 Rc7 67. c6 Ke7 68. Kc5 Ra7 1-0

[Event "East Lansing (MI Op/5/20)"]
[Site "?"]
[Date "1985.??.??"]
[Round "?"]
[White "Haakonstad, Olaf"]
[Black "Daniluk, J.."]
[Result "0-1"]
[WhiteElo "1755"]
[BlackElo "1975"]
[PlyCount "92"]
[EventDate "1985.??.??"]

{5/(20)} 1. e4 c5 2. Nc3 Nc6 3. g3 g6 4. Bg2 Bg7 5. Nge2 d6 6. O-O e5 7. d3
Nge7 8. Be3 O-O 9. Qd2 Nd4 10. Nd1 f5 11. f4 Nxe2+ 12. Qxe2 exf4 13. Bxf4 Nc6
14. c3 Re8 15. Qd2 Ne5 16. Ne3 Ng4 17. Nd5 Rb8 18. Rae1 Ne5 19. Bg5 Qa5 20.
Nf6+ Bxf6 21. Bxf6 Qxa2 22. Qh6 Qf7 23. Bxe5 Rxe5 24. Rf2 Qg7 25. Qg5 Bd7 26.
Qd2 Rbe8 27. Ref1 b6 28. b4 R5e7 29. Ra1 cxb4 30. Rxa7 bxc3 31. Qe3 Rc8 32.
Qxb6 Qf7 33. Rc7 Ree8 34. Rc2 fxe4 35. Bxe4 d5 36. Rf2 Qe6 37. Qd4 Rxc7 38.
Bxd5 c2 39. Bxe6+ Rxe6 40. Rxc2 Rxc2 41. Qd5 Kf8 42. Kf1 Rb6 43. Qa8+ Kg7 44.
Qa1+ Rbb2 45. Kg1 Rd2 46. h3 Ba4 0-1

[Event "East Detroit (MCO/1/43)"]
[Site "?"]
[Date "1985.??.??"]
[Round "?"]
[White "Haakonstad, Olaf"]
[Black "Branscum, J.."]
[Result "1-0"]
[WhiteElo "1705"]
[BlackElo "1605"]
[PlyCount "107"]
[EventDate "1985.??.??"]

{1/(43)} 1. e4 e5 2. Nf3 Nc6 3. Bb5 Nge7 4. O-O d6 5. d4 Bd7 6. Nc3 exd4 7.
Nxd4 Nxd4 8. Bxd7+ Qxd7 9. Qxd4 Ng6 10. Nd5 Be7 11. Bd2 Nh4 12. Bf4 O-O 13. Bg3
c6 14. Nxe7+ Qxe7 15. Bxd6 Qg5 16. Bg3 Rfe8 17. e5 Nf5 18. Qf4 Qxf4 19. Bxf4
Nd4 20. Bg3 Nxc2 21. Rac1 Nd4 22. Rfe1 Rad8 23. f4 a6 24. Rc4 b5 25. Rc3 a5 26.
Bf2 b4 27. Rc4 Nb5 28. Rxc6 Ra8 29. Rc5 Rab8 30. Rd1 a4 31. Rdd5 a3 32. bxa3
Nc3 33. Rd7 Nxa2 34. axb4 Nxb4 35. h3 Red8 36. Rcc7 Rxd7 37. Rxd7 Nc6 38. Kh2
Rd8 39. Rc7 Nb4 40. Bh4 Rb8 41. Rd7 Nc6 42. Rd6 Rc8 43. g4 h6 44. Bg3 Kf8 45.
h4 g6 46. h5 Ne7 47. hxg6 Nxg6 48. f5 Ne7 49. Rxh6 Rc2+ 50. Kh3 Ng8 51. Rd6 Ne7
52. Rd8+ Kg7 53. f6+ Kg6 54. fxe7 1-0

[Event "East Lansing (MI Op/3/35)"]
[Site "?"]
[Date "1985.??.??"]
[Round "?"]
[White "Haakonstad, Olaf"]
[Black "Boes, Jeff"]
[Result "1-0"]
[WhiteElo "1755"]
[BlackElo "1805"]
[PlyCount "75"]
[EventDate "1985.??.??"]

{3/(35)} 1. e4 d6 2. d4 Nf6 3. Nc3 c6 4. Nf3 Bg4 5. Bc4 b5 6. Bd3 g6 7. h3 Bxf3
8. Qxf3 b4 9. Ne2 Bg7 10. Bg5 Qc7 11. Qe3 O-O 12. Bh6 Nbd7 13. Bxg7 Kxg7 14. f4
Rab8 15. O-O c5 16. Bc4 cxd4 17. Qxd4 e5 18. Qd3 Nc5 19. Qe3 Ncxe4 20. fxe5
dxe5 21. Bd3 Qc5 22. Qxc5 Nxc5 23. Rad1 Nd5 24. Rf3 f5 25. Bxf5 gxf5 26. Rxd5
Rbc8 27. Rxe5 Ne4 28. Nd4 Nd6 29. Re7+ Kh8 30. Rxa7 Rce8 31. Rg3 Rg8 32. Rxg8+
Kxg8 33. Rd7 Nc4 34. Nxf5 Nxb2 35. Nh6+ Kh8 36. Ng4 Rc8 37. Nf6 Rxc2 38. Rxh7#
1-0